| LEADER | 00773nam a2200181 4500 | ||
|---|---|---|---|
| 082 | |a 915.62 |b D500 l | ||
| 100 | |a Anh Côi | ||
| 245 | |a Du lịch vòng quanh thế giới |c Anh Côi biên dịch |b Ai Cập | ||
| 260 | |a H. |b Thanh niên |c 2003 | ||
| 300 | |a 118tr. |c 19cm | ||
| 520 | |a v.v... | ||
| 653 | |a Địa lý | ||
| 653 | |a Du lịch | ||
| 653 | |a Ai Cập | ||
| 942 | |2 ddc |c STK0 | ||
| 999 | |c 5889 |d 5889 | ||
| 952 | |0 0 |1 0 |2 ddc |4 0 |6 915_620000000000000_D_500_L |7 0 |8 900 |9 54163 |a qbu |b qbu |c D5 |d 2014-12-30 |g 13000 |o 915.62 D 500 l |p 4411.C1 |r 0000-00-00 |w 2014-12-30 |y STK0 |0 0 |6 915_620000000000000_D_500_L | ||
| 952 | |0 0 |1 0 |2 ddc |4 0 |6 915_620000000000000_D_500_L |7 0 |8 900 |9 54164 |a qbu |b qbu |c D5 |d 2014-12-30 |g 13000 |o 915.62 D 500 l |p 4411.C2 |r 0000-00-00 |w 2014-12-30 |y STK0 |0 0 |6 915_620000000000000_D_500_L | ||